000
00295nam a2200109Ia 4500
008
200302s9999 xx 000 0 und d
100
_a
David Dillon
245
_a
Architecture in the Public interest fentress bradburn Architects
260
_b
Edizioni Newyork
260
_c
2001
300
_a
143 P.,
999
_c
2903
_d
2903